190 años: El Mercurio de Valparaíso periodo 1827-2017

שמור ב:
מידע ביבליוגרפי
מחבר תאגידי: El Mercurio de Valparaíso (Author)
פורמט: ספר
שפה:ספרדית
יצא לאור: Valparaíso Empresa El Mercurio de Valparaíso 2017
מהדורה:1a. ed
נושאים:
תגים: הוספת תג
אין תגיות, היה/י הראשונ/ה לתייג את הרשומה!

MARC

LEADER 00000cam a2200000 a 4500
001 UCC1380
003 CL-VaPUC
008 171020e20170900cl |||||||||||||||||spa|d
020 |a 9789560903709 
082 0 4 |a 070.172  |b ELM  |2 21 
110 2 |a El Mercurio de Valparaíso  |e author  |9 595459 
245 1 0 |a 190 años: El Mercurio de Valparaíso periodo 1827-2017 
250 |a 1a. ed 
300 |a 256 p 
942 |c BK 
945 |d 20171020 15:16:00  |a arojas 
260 |a Valparaíso  |b Empresa El Mercurio de Valparaíso  |c 2017 
600 0 |a El mercurio de valparaíso  |9 445813 
650 0 |a Periódicos   |9 335528 
650 7 |a PERIODISMO ESCRITO  |2 CL-VaPUC  |9 495263 
583 |a last modification  |c 20171020 15:16:00  |k Rodrigo Vera 
999 |c 369909  |d 369907 
952 |0 0  |1 0  |3 erd  |4 0  |6 070_172000000000000_ELM_2017  |7 0  |8 A  |9 486065  |a BIBHIS  |b BIBHIS  |i 5430941  |l 1  |o 070.172 ELM 2017  |p 5430941  |r 2025-01-20  |s 2022-10-03  |w 2019-11-24  |y BK  |z Catalogado en:20171020  |k HIS 
952 |0 0  |1 0  |3 erd  |4 0  |6 070_172000000000000_ELM_2017  |7 0  |8 X  |9 486066  |a FDOBUD  |b FDOBUD  |i 5445248  |o 070.172 ELM 2017  |p 5445248  |r 2019-11-24  |w 2019-11-24  |y BK_X  |z Catalogado en:20171230  |k BUD